00480nam a2200157Ia 4500008004100000020001400041082001500055100002400070245005600094250000700150260004500157300003000202500001900232600002100251650005000272240925s9999 xx 000 0 und d a139613277 a003.54 WEL aWells Richard B. 0aApplied Coding and Information Theory for Engineers aNA aNew Jersey:bPrintice- Hall Int.c,1999. aviii,424p.bNAfPhotocopy aIncludes Index aComputer Science aComputer science, information & general works